Statistiques concernant Buteurs suisses en Coupe du Monde

Cliquez ici pour prendre le quiz!

Statistiques générales

  • Ce quiz a été pris 85 fois
    (39 depuis la dernière actualisation)
  • Le résultat moyen est 9 sur 31

Statistiques - réponses

Nombre de butsClubNom du joueur% Correct
5Bayern Munich, Stoke City, Fire ChicagoXherdan Shaqiri
97%
2Borussia Mönchengladbach, ArsenalGranit Xhaka
94%
2AS MonacoBreel Embolo
86%
2Stade RennaisAlexander Frei
72%
1Real SociedadHaris Seferović
58%
1Manchester CityManuel Akanji
58%
1Borussia DortmundStéphane Chapuisat
44%
1TSG HoffenheimSteven Zuber
39%
2SS Naples, Bologne FCBlerim Džemaili
36%
1AS Saint-ÉtienneGelson Fernandes
36%
1Nottingham ForestRemo Freuler
36%
1Borussia MönchengladbachJosip Drmić
33%
1ArsenalPhilippe Senderos
31%
1SC FribourgAdmir Mehmedi
28%
1Bayer LeverkusenTranquillo Barnetta
19%
2VfB StuttgartAdrian Knup
14%
11. FC NurembergAlain Sutter
11%
1Grasshoppers ZurichAlfred Bickel
11%
6FC BâleJosef Hügi
11%
1Young Boys BerneGeorges Bregy
8%
3Servette GenèveJacques Fatton
8%
1FC SionRené Pierre Quentin
8%
4Grasshoppers Zurich, Servette GenèveAndré Abegglen
6%
1FC La Chaux-de-FondsCharles Antenen
6%
3Servette GenèveLeopold Kielholz
6%
4Grasshoppers ZurichRobert Ballaman
6%
1FC Lausanne-SportWilly Jäggi
6%
1Servette GenèveEugen Walaschek
3%
1Young Boys BerneHeinz Schneiter
3%
1FC BâleRené Bader
3%
1Servette GenèveRolf Wüthrich
3%

Distribution des résultats

Percentile par nombre de réponses

% des personnes avec chaque résultat

Votre développement - résultats

Vous n’avez pas pris ce quiz depuis la dernière actualisation